Nuestros hombres de ciencia / (Record no. 167226)

MARC details
000 -LEADER
campo de control de longitud fija 00764nam a2200205 i 4500
001 - NÚMERO DE CONTROL
campo de control 167226
003 - IDENTIFICADOR DE NÚMERO DE CONTROL
campo de control ES-MaACL
005 - FECHA Y HORA DE LA ÚLTIMA TRANSACCIÓN
campo de control 20250717140812.0
008 - DATOS DE LONGITUD FIJA--INFORMACIÓN GENERAL
campo de control de longitud fija 030314s1889 sp a |||| | spa d
040 ## - FUENTE DE CATALOGACIÓN
Centro catalogador/agencia de origen CCPB | B
Lengua de catalogación spa
Centro/agencia transcriptor CCPB | B
100 1# - ENTRADA PRINCIPAL--NOMBRE DE PERSONA
Nombre de persona Verdes Montenegro, José,
Fechas asociadas al nombre 1866-1942
9 (RLIN) 114026
245 10 - MENCIÓN DEL TÍTULO
Título Nuestros hombres de ciencia /
Mención de responsabilidad, etc. José Verdes Montenegro ; ilustraciones Muriedas ; fotograbados Laporta.
260 ## - PUBLICACIÓN, DISTRIBUCIÓN, ETC.
Lugar de publicación, distribución, etc. Madrid :
Nombre del editor, distribuidor, etc. [s.n.],
Fecha de publicación, distribución, etc. 1889 (
Fabricante Est. Tip. de Lucas Polo)
300 ## - DESCRIPCIÓN FÍSICA
Extensión 135 p. :
Otras características físicas il. ;
Dimensiones 19 cm.
650 #4 - PUNTO DE ACCESO ADICIONAL DE MATERIA--TÉRMINO DE MATERIA
Término de materia o nombre geográfico como elemento de entrada Científicos-
Subdivisión geográfica España.
9 (RLIN) 149347
700 1# - ENTRADA AGREGADA--NOMBRE PERSONAL
Nombre de persona Muriedas.
9 (RLIN) 130291
700 1# - ENTRADA AGREGADA--NOMBRE PERSONAL
Nombre de persona Laporta, Francisco,
Fechas asociadas al nombre 1850-1914
9 (RLIN) 152865
852 ## - LOCALIZACIÓN
Ubicación ES-MaACL
Número de control de estantería G-10093
Nota libre -- Enc. tela
-- .- Legado Calderón
Holdings
Estatus retirado Estado de pérdida Estado de daño No para préstamo Colección Biblioteca de origen Biblioteca actual Ubicación en estantería Fecha de adquisición Fuente de adquisición Total de préstamos Signatura topográfica completa Código de barras Visto por última vez Precio de reemplazo Tipo de ítem Koha
        Libros del s. XIX Biblioteca del Ateneo de Madrid Biblioteca del Ateneo de Madrid Sala Pecera Planta 3 17/01/2008     G-10093 1175424 23/02/2023 23/02/2023 Libro impreso antiguo